| 000 | 00391nam a2200145Ia 4500 | ||
|---|---|---|---|
| 008 | 221030s9999 xx 000 0 und d | ||
| 020 | _a8188458937 | ||
| 041 | _aEnglish | ||
| 100 | _aJ. B. Gupta | ||
| 245 | 2 |
_aA Course In Electrical & Electronic Measurements & Instrumentation _cby J. B. Gupta |
|
| 260 |
_bKatson _aNew Delhi _c2015 |
||
| 300 | _a1290 | ||
| 650 | _aECE & EE | ||
| 942 | _cBK | ||
| 999 |
_c17127 _d17127 |
||